Satyagraha of Mahatma Gandhi / (Record no. 124140)

MARC details
000 -LEADER
fixed length control field 00716nam a22002417a 4500
005 - DATE AND TIME OF LATEST TRANSACTION
control field 20170124105935.0
010 ## - LIBRARY OF CONGRESS CONTROL NUMBER
LC control number A-435874
020 ## - INTERNATIONAL STANDARD BOOK NUMBER
Terms of availability 00.00
International Standard Book Number 8185182396
035 ## - SYSTEM CONTROL NUMBER
System control number A-435874
037 ## - SOURCE OF ACQUISITION
Source of stock number/acquisition Cen Lib/Ret
040 ## - CATALOGING SOURCE
Original cataloging agency DPL
Language of cataloging EN
082 ## - DEWEY DECIMAL CLASSIFICATION NUMBER
Classification number 301.153
Item number BHA
100 ## - MAIN ENTRY--PERSONAL NAME
Personal name Bharathi, K. S.
9 (RLIN) 9512
245 ## - TITLE STATEMENT
Title Satyagraha of Mahatma Gandhi /
Statement of responsibility, etc by K. S. Bharathi
246 ## - VARYING FORM OF TITLE
Remainder of title
260 ## - PUBLICATION, DISTRIBUTION, ETC. (IMPRINT)
Name of publisher, distributor, etc Indus
Date of publication, distribution, etc 1990
Place of publication, distribution, etc New Delhi
270 ## - ADDRESS
City New Delhi
Address FS-5, Tagore Garden
Postal code 110027
300 ## - PHYSICAL DESCRIPTION
Extent 219p.
Dimensions 22cm(Hb)
500 ## - GENERAL NOTE
General note Includes bibliographical references and index
650 ## - SUBJECT ADDED ENTRY--TOPICAL TERM
Topical term or geographic name as entry element Passive resistance
9 (RLIN) 9513
650 ## - SUBJECT ADDED ENTRY--TOPICAL TERM
Topical term or geographic name as entry element Gandhi, -- Mahatma, -- 1869-1948
9 (RLIN) 9514
942 ## - ADDED ENTRY ELEMENTS (KOHA)
Source of classification or shelving scheme Dewey Decimal Classification
Koha item type English Books
Classification part 301.153
Call number suffix BHA
Holdings
Withdrawn status Lost status Damaged status Not for loan Home library Current library Date acquired Source of acquisition Cost, normal purchase price Total Checkouts Full call number Barcode Date last seen Date checked out Copy number Cost, replacement price Price effective from Koha item type
        Central Library Central Library 13/06/2015 Cen Lib/Ret 0.00 2 301.153 BHA A-435874 24/06/2019 10/06/2019 1 0.00 13/06/2015 English Books

© Delhi Public Library
Hit Counter
free hit counter